Employee Involvement and Total Quality Management Practices and Results in Fortune 1000 Companies

Gespeichert in:
Bibliographische Detailangaben
1. Verfasser: Lawler III, Edward E.
Weitere Verfasser: Mohrman, Susan Albers, Ledford, Gerald E.
Format: Buch
Sprache:Englisch
Veröffentlicht: San Francisco Jossey-Bass Publ. 1992
Ausgabe:1. ed.
Schlagworte:
Tags: Tag hinzufügen
Keine Tags, Fügen Sie das erste Tag hinzu!

MARC

LEADER 00000nam a2200000 4500
001 c018949
005 20221206084705.4
020 |a 1-55542-434-1 
041 0 |a eng 
044 |a US 
245 1 0 |a Employee Involvement and Total Quality Management  |b Practices and Results in Fortune 1000 Companies  |c Edward E. Lawler III, Susan Albers Mohrman, Gerald E. Ledford 
250 |a 1. ed. 
264 1 |a San Francisco  |b Jossey-Bass Publ.  |c 1992 
300 |a 157 s. 
610 2 0 |a riadenie výroby 
610 2 0 |a kvalita 
610 2 0 |a zamestnanci 
610 2 0 |a účasť na riadení 
610 2 0 |a programy riadiace 
610 2 0 |a demokracia vnútropodniková 
610 2 0 |a spolurozhodovanie 
610 2 0 |a riadenie kvality 
610 2 0 |a TQM 
100 1 |a Lawler III, Edward E. 
700 1 |a Mohrman, Susan Albers 
700 1 |a Ledford, Gerald E.